| 000 | 01497cam a2200433 i 4500 | ||
|---|---|---|---|
| 001 | 21774005 | ||
| 003 | NUST | ||
| 005 | 20240829114647.0 | ||
| 008 | 201027s2020 nyua 001 0 eng d | ||
| 010 | _a 2020288692 | ||
| 015 |
_aGBC023315 _2bnb |
||
| 016 | 7 |
_a019710804 _2Uk |
|
| 020 |
_a9781617296246 _qpaperback |
||
| 020 |
_a1617296244 _qpaperback |
||
| 035 | _a(OCoLC)on1140724911 | ||
| 038 | _aAZHAR | ||
| 040 |
_aUKMGB _beng _cUKMGB _erda _dBDX _dOCLCF _dOCLCO _dYDX _dDLC |
||
| 042 | _alccopycat | ||
| 050 | 0 | 0 |
_aQA76.9.D343 _bR63 2020 |
| 082 | 0 | 4 | _223 |
| 082 | 0 | 4 |
_a005.7 _223 _bROB |
| 100 | 1 |
_aRobinson, Emily, _eauthor. _9123563 |
|
| 245 | 1 | 0 |
_aBuild a career in data science / _cEmily Robinson and Jacqueline Nolis. |
| 260 |
_aShelter Island, NY : _bManning Publications Co., _c[2020] |
||
| 300 |
_axxvii, 322 pages : _billustrations ; _c24 cm |
||
| 336 |
_atext _btxt _2rdacontent |
||
| 337 |
_aunmediated _bn _2rdamedia |
||
| 338 |
_avolume _bnc _2rdacarrier |
||
| 500 | _aIncludes index. | ||
| 650 | 0 |
_aData mining _xVocational guidance. _9123564 |
|
| 650 | 0 |
_aBig data _xVocational guidance. _9123565 |
|
| 650 | 7 |
_aBig data. _2fast _0(OCoLC)fst01892965 |
|
| 650 | 7 |
_aE-BOOKBANK.SEECSTEXTBOOK _9125472 |
|
| 700 | 1 |
_aNolis, Jacqueline, _eauthor. _9123566 |
|
| 856 | _uhttp://10.250.8.41:8080/xmlui/handle/123456789/41786 | ||
| 906 |
_a7 _bcbc _ccopycat _d2 _encip _f20 _gy-gencatlg |
||
| 942 |
_2ddc _cBK |
||
| 999 |
_c609720 _d609720 |
||